|
|
|
|
| LEADER |
00000cam a2200000 7i4500 |
| 001 |
0000004092 |
| 005 |
20151222.0 |
| 008 |
070724 |
| 020 |
|
|
|a 9833266193(set)
|
| 020 |
|
|
|a 983326624X
|
| 090 |
0 |
0 |
|a JF
|b MOR MAL (5135)
|
| 100 |
0 |
|
|a Noor Risma Salfina Muhamad Rozali
|
| 245 |
1 |
0 |
|a Pemandu yang berhemah
|c Noor Risma Salfina Muhamad Rozali
|
| 260 |
|
|
|a Selangor :
|b Pintar firus ,
|c 2006
|
| 440 |
|
|
|a Siri tanggungjawab sosial
|
| 500 |
|
|
|a Children ages 7-9 years old (orange)
|
| 650 |
|
0 |
|a Readers
|x Moral
|
| 999 |
|
|
|a 0000973022
|b Book
|c Children Collection
|e Cawangan Mersing
|
| 999 |
|
|
|a 0000973023
|b Book
|c Children Collection
|e Perbadanan Perpustakaan Awam Johor
|
| 999 |
|
|
|a 0000973024
|b Book
|c Children Collection
|e Cawangan Segamat
|
| 999 |
|
|
|a 0000973026
|b Book
|c Children Collection
|e Cawangan Segamat
|
| 999 |
|
|
|a 0001011360
|b Book
|c Children Collection
|e Cawangan Pontian
|
| 999 |
|
|
|a 0001011361
|b Book
|c Children Collection
|e Cawangan Pontian
|
| 999 |
|
|
|a 0001011362
|b Book
|c Children Collection
|e Cawangan Pontian
|